000 00357nam a22001337a 4500
020 _qHB.
040 _cFIZZA ISHAQ
082 _a808.0427
_bAND
100 _aBERMUDEZ,B.ANDREA.
_9134218
245 _aTHE LANGUAGE OF LITERATURE /
_cANDREA B.BERMUDEZ.
260 _aNEW YORK ;
_bMcDOUGAL LITTELL,
_c2006.
300 _a852 P. ;
_c10.6X8.4IN
942 _2ddc
_cBK
999 _c617191
_d617191